Capoluoghi della Lombardia in ordine alfabetico - Statistics

Statistiche generali
  • Questo quiz è stato fatto 45 volte
  • Il punteggio medio è 11 su 12
Statistiche sulle risposte
Popolazione (ab.) Capoluogo % Corretto
121 368 Bergamo
97%
1 372 810 Milano
97%
200 473 Brescia
95%
83 320 Como
95%
72 334 Cremona
92%
49 445 Mantova
92%
48 329 Lecco
90%
80 634 Varese
87%
72 954 Pavia
85%
21 558 Sondrio
85%
45 252 Lodi
82%
121 799 Monza
82%
Nessun quiz corrispondente trovato
Distribuzione punteggi
Percentuale di utenti per punteggio
Percentile per numero di risposta
I tuoi punteggi nel tempo
Non hai fatto questo quiz